Entry Personal Name
Number of records used in: 2
001 - CONTROL NUMBER
003 - CONTROL NUMBER IDENTIFIER
005 - DATE AND TIME OF LATEST TRANSACTION
- control field:
20221114113749.0
008 - FIXED-LENGTH DATA ELEMENTS
- fixed length control field:
080519n| acannaabn |n aaa c
010 ## - LIBRARY OF CONGRESS CONTROL NUMBER
- LC control number:
no2008074356
035 ## - SYSTEM CONTROL NUMBER
- System control number:
(OCoLC)oca07770838
040 ## - CATALOGING SOURCE
- Original cataloging agency:
ZA-NbPUK
- Language of cataloging:
eng
- Transcribing agency:
ZA-NbPUK
100 1# - HEADING--PERSONAL NAME
- Personal name:
Nag, P. K.
670 ## - SOURCE DATA FOUND
- Source citation:
Power plant engineering, c2008:
- Information found:
t.p. (P.K. Nag)